Waterloo Road characters s1-17 - Statistics

General Stats
  • This quiz has been taken 13 times
  • The average score is 59 of 253
Answer Stats
First introduced Hint Answer % Correct
S1 Head of Pastoral Kim Campbell
71%
S1 English Teacher Tom Clarkson
71%
S5 Was in Suicide pact with Boyfriend Amy Porter
57%
S1 Deputy Head Andrew Treneman
57%
S2 Son of School Benefactor Brett Aspinall
57%
S1 Daughter of an English Teacher Chlo Charles
57%
S1 Becomes a Teacher in Reboot Donte Charles
57%
S5 Girlfriend dies of Brain Tumour Finn Sharkey
57%
S1 English Teacher Grantly Budgen
57%
S1 Drama Teacher Izzie Redpath
57%
S1 First Headteacher Jack Rimmer
57%
S1 Later becomes a Secretary Janeece Bryant
57%
S3 Autistic Student Karla Bentham
57%
S1 Later works in the Kitchens Lewis Seddon
57%
S1 English Teacher Lorna Dickey
57%
S1 Sister of the above Mika Grainger
57%
S3 Headteacher Rachel Mason
57%
S1 Languages Teacher Steph Haydock
57%
S15 Secret Son of a Classic Character Ashton Stone
43%
S8 Criminal Barry Barry
43%
S16 Grandson of Headteacher Ben Drake
43%
S6 Runs away Bex Fisher
43%
S3 Later Joins the Army Bolton Smilie
43%
S3 Works in Kitchens Candice Smilie
43%
S15 Daughter of a Teacher, 'Not a Fan of Labels' Cat Guthrie
43%
S5 Deputy Head Chris Mead
43%
S8 Alcoholic Headteacher Christine Mulgrew
43%
S8 Son of Alcoholic Teacher Connor Mulgrew
43%
S11 English Teacher with OCD Coral Walker
43%
S3 Forcibly Homeschooled by Father Danielle Harker
43%
S2 Secretary Davina Shackleton
43%
S4 Hit by a drunk driver Denzil Kelly
43%
S8 Raped by her Criminal Boyfriend Dynasty Barry
43%
S4 Psychopath, Shoots his ex Earl Kelly
43%
S9 Spoiled Student and Stalker Gabriella Wark
43%
S7 Brother of Above Harley Taylor
43%
S6 Bulimic Son of Headteacher Harry Fisher
43%
S16 Granddaughter of Headteacher, Dies Hope Drake
43%
S11 Daughter of an Iconic WLR Couple Izzy Charles
43%
S6 Daughter of Headteacher Jess Fisher
43%
S8 Boxer, is Confused about Gender Kacey Barry
43%
S6 Headteacher Karen Fisher
43%
S8 Intelligent, Adopted by a Teacher Kevin Chalk
43%
S6 Accidentally Causes Teachers Death Kyle Stack
43%
S4 Has a Birthmark on her Back Lauren Andrews
43%
S13 Ran Away from New Zealand Libby Guthrie
43%
S7 School Benefactor Lorraine Donnegan
43%
S7 Head of Schoolhouse Maggie Budgen
43%
S4 Oldest Sibling of 5 Marley Kelly
43%
S3 Drama Teacher Matt Wilding
43%
S2 Shot by her Ex-boyfriend Maxine Barlow
43%
S3 Protests against APU Scheme Michaela White
43%
S7 Headteacher Michael Byrne
43%
S7 Carer of his Grandmother Phoenix Taylor
43%
S8 Self-harms, Lives in Schoolhouse Rhiannon Salt
43%
S6 Entrepreneur in a Criminal Family Ronan Burley
43%
S4 Alcoholic, Works in Kitchens Rose Kelly
43%
S5 Home Economics Teacher Ruby Fry
43%
S4 Dies of a brain tumour Sambuca Kelly
43%
S7 Science Teacher Sian Diamond
43%
S15 Headteacher Stella Drake
43%
S9 Science Teacher, Previously a Flight Attendant Sue Lowsley
43%
S11 Has Endometriosis Tonya Walters
43%
S15 Christian Student Agnes Eccleston
29%
S11 Early Qualified English Teacher Amy Spratt
29%
S9 Paid by Teacher to Teach him Mandarin Archie Wong
29%
S8 History Teacher Audrey McFall
29%
S2 Returns with a son in reboot Celine Stone
29%
S6 Husband of Headteacher Charlie Fisher
29%
S7 Maths Teacher Daniel Chalk
29%
S11 Died in a Fire Danny Lewis
29%
S16 Accidentally Causes a Students Death Darius Donovan
29%
S5 Father is Killed by her Sister Emily James
29%
S1 Secretary Estelle Cooper
29%
S9 Long Lost Daughter of Teacher Eve Boston
29%
S4 Daughter of a police officer Flick Mellor
29%
S6 Languages Teacher Francesca Montoya
29%
S8 Languages Teacher George Windsor
29%
S9 PE Teacher Hector Reid
29%
S1 In a coma after Episode 1 Holly Tattersall
29%
S8 Deaf Student Imogen Stewart
29%
S3 English Teacher Jasmine Koreshi
29%
S2 Students Cousin Jed Seddon
29%
S7 PE Teacher Jez Diamond
29%
S6 In a Relationship with a Teacher Jonah Kirby
29%
S5 Schizophrenic Son of Teacher Josh Stevenson
29%
S2 Cyber-bullies another student Leigh-Ann Galloway
29%
S5 Stabs her Father Lindsay James
29%
S8 Animal Rights Activist Lula Tsibi
29%
S4 Head of Extended Services Melissa Ryan
29%
S16 SENCO Mitch Swift
29%
S11 Works In the Kitchens Nicky Walters
29%
S7 Head of the PRU Nikki Boston
29%
S4 Nephew of Headteacher Philip Ryan
29%
S11 Had Bulimia Preston Walters
29%
S4 Students Brother Prince Kelly
29%
S2 School Benefactor Roger Aspinall
29%
S5 Kisses her Teacher Ros McCain
29%
S6 Sister of the above Ruth Kirby
29%
S8 Deputy Head Simon Lowsley
29%
S8 Secretary Sonya Donnegan
29%
S2 Gets into bed with a teacher Stacey Appleyard
29%
S13 Mom Attacks the Headteacher Stacey Neville
29%
S7 Becomes Disabled Tariq Siddiqui
29%
S7 Becomes Pregnant and Miscarries Trudi Siddiqui
29%
S5 Father dies of a Stroke Vicki MacDonald
29%
S1 Brother Dies in Episode 1 Yasmin Deardon
29%
S7 Brother of Above Zack Diamond
29%
S5 Chef Adam Fleet
14%
S6 Head of Pastoral Adanna Lawal
14%
S7 Son of Site Manager Aiden Scotcher
14%
S14 Nudes get Leaked Aleena Qureshi
14%
S3 Original lead role in School Musical Aleesha Dillon
14%
S7 Abandons her Baby in School Ali Redback
14%
S10 Art Teacher Allie Westbrook
14%
S17 Sister of Above Badr Azzi
14%
S11 Teachers Mother Barbara Rafferty
14%
S16 Students Brother Beamer Weever
14%
S5 Almost killed by her father Bianka Vale
14%
S8 Teachers Father Billy Byrne
14%
S14 Son of Headteacher Billy Savage
14%
S14 Accidentally Killed by Above Boz Osbourne
14%
S3 Secretary Bridget Morley
14%
S8 Works in Kitchens Carol Barry
14%
S11 Disabled Student Caz Williams
14%
S1 Students Father Clarence Charles
14%
S3 Teachers Partner Colin Scott
14%
S9 Mother Dies Darren Hughes
14%
S4 Security Dave Miller
14%
S11 Cyber-bullied another Student Dean Weever
14%
S11 Becomes a Cleaner Debs Rafferty
14%
S13 Fainted due to Hunger Declan Brown
14%
S3 Part of the Spelling Bee team Dominic Hammond
14%
S11 Has an Alcoholic Mother Dwayne Jackson
14%
S6 Students Boyfriend Dylan Hodge
14%
S3 Deputy Head Eddie Lawson
14%
S7 Conservative English Teacher Eleanor Chaudry
14%
S7 Gang Member Eugene Garvey
14%
S3 Teachers Wife Fleur Budgen
14%
S15 Has 'Test Anxiety' Forest Sumi
14%
S17 Openly Gay Student Freddie Hollister
14%
S5 Students Father Gary Vale
14%
S15 Students Mother Gemma Neville
14%
S2 Students Aunt Gemma Seddon
14%
S5 Students Mother Georgia Stevenson
14%
S8 Head of another school Gerard Findlay
14%
S4 Teachers Daughter Grace Campbell
14%
S11 Teachers Wife Hannah King
14%
S5 New English Teacher Helen Hopewell
14%
S8 Pregnant, Lives at Schoolhouse Jade Flemming
14%
S11 Social Worker Jamilah Omar
14%
S14 Deaf, Coercively Controlling Jared Jones
14%
S15 Daughter of Another Teacher Jas Sharma
14%
S2 Religious Businessman Jerry Preston
14%
S17 Teachers Father Jimmy Donovan
14%
S7 Worked for a Drug Dealer Jodie Allen
14%
S11 Deputy Head Languages Teacher Joe Casey
14%
S5 Teachers Husband John Fry
14%
S5 Head of Languages Jo Lipsett
14%
S10 Son of Headteacher Justin Fitzgerald
14%
S11 Went to Art College in Berlin Kai Sharif
14%
S11 Has ADHD Kelly Jo Rafferty
14%
S9 Twin of Below Lenny Brown
14%
S10 Brother of Above Leo Fitzgerald
14%
S17 Bad Relationship With Her Aunt Leoni Tennant
14%
S7 Students Brother Liam Allen
14%
S7 English Teacher, Stalker Linda Radleigh
14%
S11 Maths Teacher, Deputy Head Lindon King
14%
S9 Twin of Above Lisa Brown
14%
S14 Transgender Student Lois Taylor-Brown
14%
S10 Deputy Head, Science Teacher Lorna Hutchinson
14%
S14 Deaf Student Luca Smith
14%
S5 Lives in a Care Home Luke Pendle
14%
S7 Daughter of PE Teacher Madi Diamond
14%
S13 Maths Teacher Marc Todd
14%
S6 Geography Teacher Marcus Kirby
14%
S5 Students Mother Marion James
14%
S5 Executive Head Max Tyler
14%
S5 Brother of the above Michael Vale
14%
S11 Police Officer Mike Rutherford
14%
S13 Was involved in Drug Dealing Mog Richardson
14%
S16 Students Grandmother Mo McManus
14%
S12 Starts a Fire in the School Myles Massey
14%
S7 Sister of Above Naseem Siddiqui
14%
S6 Gay, has a Homophobic Father Nate Gurney
14%
S8 Plans to Marry History Teacher Ndale Kayuni
14%
S11 History Teacher Neil Guthrie
14%
S14 Maths Teacher Nisha Chandra
14%
S11 Goes on to Work in the Kitchens Noel McManus
14%
S11 Pretends to not Speak English Norullah Sayyid
14%
S10 Headteacher's Wife, Geography Teacher Olga Fitzgerald
14%
S5 Teachers Father Oliver Mead
14%
S3 Tries to stab his Uncle Paul Langley
14%
S13 Students Father Pete Weever
14%
S13 Sister of Above Portia Weever
14%
S8 Teaching Assistant Princess Windsor
14%
S4 Police Officer Ralph Mellor
14%
S12 Students Father Ramesh Choudhry
14%
S7 Twin of Below Rhona Mansfield
14%
S4 Boxing Coach + PE Teacher Rob Cleaver
14%
S10 Teachers Husband Rob Hutchinson
14%
S7 Site Manager Rob Scotcher
14%
S13 Caretaker Rolf Higgins
14%
S12 Students Mother Rose Massey
14%
S8 Students Mother Sally Stewart
14%
S16 Teachers Daughter Samantha Drake
14%
S11 Leads the Protest against the Schools Name Samia Choudhry
14%
S13 Fostered by Deputy Head Schuey Weever
14%
S13 Academy CEO Serena-Michelle Davies
14%
S11 Becomes a Model Shola Aku
14%
S7 Twin of Above Shona Mansfield
14%
S5 Initially part of Girl Gangs Siobhan Mailey
14%
S8 Students Boyfriend Steve-o Malone
14%
S14 Headteacher Steve Savage
14%
S3 Blackmailer Stuart Hordley
14%
S7 Students Mother Tina Allen
14%
S17 Football Coach, Grooms a Student Tony Walters
14%
S11 Music Teacher Valerie Chambers
14%
S10 Headteacher Vaughan Fitzgerald
14%
S11 Daughter of a Teacher Verity King
14%
S12 Criminal/Students Stepfather Vinny McCullen
14%
S9 Lesbian, Moved to Berlin Vix Spark
14%
S11 Secretary Wendy Whitwell
14%
S3 Supply Teacher Wilson Bingham
14%
S11 Brother of Above Zayne Jackson
14%
S10 Interested in Genealogy Abdul Bukhari
0%
S17 Makes fun of Another Student's Makeup Aisha Azzi
0%
S8 Terrorises the Schoolhouse Angus Hancock
0%
S10 Is Cyberbullied Bonnie Kincaid
0%
S10 Sister of a Teacher Carrie Norton
0%
S8 Teachers Daughter Cheryl Bryant
0%
S10 Ex-Drug Addict, Anorexic Dale Jackson
0%
S8 Science Teacher, Animal Rights Activist Esther Fairclough
0%
S10 Son of Deputy Head Floyd Westbrook
0%
S10 Local Resident Grace Drummond
0%
S10 GPD Teacher Guy Braxton
0%
S17 Friend of the Above Harleen Lamba
0%
S10 Students Father Hassan Bukhari
0%
S8 Another Student Sleeps with His Mum Jack MacAlister
0%
S13 Inspired another to take Interest in Jamaica Jess Clarke
0%
S10 Cares for Her Mother with ME Kenzie Calhoun
0%
S8 Ex-Havelock High Student Liberty Gordon
0%
S12 Students Mother Lisa Jackson
0%
S10 Science Teacher Marco D'Olivera
0%
S11 Helps Relocate Battle of the Bands Millie Adebayo
0%
S14 BSL Interpreter Riley Murphy
0%
S10 Students Father Ronnie Fairchild
0%
S10 Son of a Police Officer Scott Fairchild
0%
S9 Impersonates other Student to Stop Deportation Shaznay Montrose
0%
S10 Students Mother Steph Norton
0%
S10 Daughter of Deputy Head Tiffany Westbrook
0%
S11 Teachers Son Tommy Charles
0%
S16 Christian Musician Tyler James
0%
No matching quizzes found
Score Distribution
Percent of People with Each Score
Percentile by Number Answered
Your Score History
You have not taken this quiz